Click a 'Rat' Quiz Stats

Quiz Updated May 4, 2016

Challenge
Share
Tweet
Embed
Score 0/20 Timer 06:00
1 Play Today
% Correct
Bob Cratchit
83.4%
Dan Rather
78.6%
Dorothy Stratten
77.6%
Hippocrates
76.8%
John Ratzenberger
76.2%
Socrates
76%
Nurse Ratched
74.9%
Chris Pratt
73.5%
Basil Rathbone
69.3%
Da Brat
68.9%
% Correct
Horatio Hornblower
68.1%
Benjamin Bratt
67.5%
Georges Seurat
67.2%
Horatio Nelson
66.8%
Irataba
65.6%
Mark McGrath
62.5%
Eratosthenes
61.1%
Ratso Rizzo
58.1%
Antal DorĂ¡ti
56.5%
Marat Safin
55.5%

You're not logged in!

Compare scores with friends on all Sporcle quizzes.
Sign Up with Email
OR
Log In

You Might Also Like...

Show Comments

Extras

Top Quizzes Today


Score Distribution

Your Account Isn't Verified!

In order to create a playlist on Sporcle, you need to verify the email address you used during registration. Go to your Sporcle Settings to finish the process.